000 00333cam a2200133ua 4500
041 _aeng
_h
082 _a823.308
_bCON/RE
100 _aConnell, John .
245 _aReturn to treasure island /
_cJohn Connell.
_hTextual Documents
260 _aLondon :
_bLongman ,
_c1963.
300 _a94 ; .
942 _cBK
999 _c3961
_d3961